000 00836nam a2200229Ia 4500
003 GCL
008 140319s9999 xx 000 0 ara d
040 _aGCL /
_cGCL
082 0 4 _a913
_bس ر
100 1 _aسمير عبدالحميد ابراهيم
245 1 0 _aرحلة خواجة حسن نظامى الدهلوى فى مصر وفلسطين والشام والحجاز /
_cسمير عبدالحميد ابراهيم
250 _aالاولى
260 _aالقاهرة :
_bالمجلس الاعلى للثقافة ،
_c2002
300 _a329 ص ؛
_c18 سم
650 0 4 _aالرحلات
650 0 4 _aوصف ورحلات
650 0 4 _aالحجاز - رحلات
650 0 4 _aالشام - وصف ورحلات
650 0 4 _aمصر - وصف ورحلات
650 0 4 _aفلسطين - وصف ورحلات
942 _2ddc
_cBK
999 _c5516
_d5516